000 00799nam a2200265 i 4500
001 78481
003 ES-MaACL
005 20230906173721.0
007 t|
008 041014s1976 sp a |||| | spa d
080 _a291.612
080 _a615.21:159.961.22
100 1 _aHarner, Michael J.
_961869
245 1 0 _aAlucinógenos y chamanismo /
_cMichael Harner ; [traductor, Helena Valentí].
260 _a[Madrid] :
_bGuadarrama,
_c[1976]
300 _a224 p. :
_bil. ;
_c18 cm.
490 1 _aPunto omega ;
_v213
504 _aBibliografia: p. 205-215.
650 4 _aAlucinógenos y experiencia religiosa.
_9156627
650 0 4 _aChamanismo.
_910913
700 1 _aValentí, Helena.
_9112595
830 0 _aPunto omega ;
_v213
_9180707
852 _aES-MaACL
_jE-10138
999 _c78481
_d78481